|
|
|
|
| LEADER |
00000nam2a2200000 4500 |
| 001 |
13084 |
| 005 |
20231101204852.0 |
| 010 |
|
|
|a 521702965X
|
| 035 |
|
|
|a (RuTPU)RU\TPU\book\13165
|
| 035 |
|
|
|a BOOK00013233
|
| 090 |
|
|
|a 13084
|
| 100 |
|
|
|a 20011209d1999 k y0rusy50 ca
|
| 101 |
0 |
|
|a rus
|
| 102 |
|
|
|a RU
|
| 105 |
|
|
|a a g 000zy
|
| 200 |
0 |
|
|a Т. 3
|
| 210 |
|
|
|a Москва
|c Машиностроение
|d 1999
|
| 215 |
|
|
|a 848 с.
|c ил.
|
| 451 |
|
1 |
|0 (RuTPU)RU\TPU\book\73779
|y 5-217-02965-X
|t Т. 3
|d 2001
|d 1992
|p 858 с.
|
| 451 |
|
1 |
|0 (RuTPU)RU\TPU\book\34294
|y 5217011106
|t Т. 3
|p 720 с.
|
| 461 |
|
1 |
|0 (RuTPU)RU\TPU\book\107577
|y 5-217-02964-5
|t Справочник конструктора-машиностроителя
|o В 3-х томах
|f В. И. Анурьев
|g Под ред. И. Н. Жестковой
|v Т. 3
|e 8-е изд., перераб. и доп.
|d 1999-
|
| 606 |
|
|
|a Машиностроение
|x Конструирование
|2 stltpush
|3 (RuTPU)RU\TPU\subj\41438
|9 61229
|
| 610 |
1 |
|
|a конструирование
|
| 610 |
1 |
|
|a расчеты
|
| 610 |
1 |
|
|a соединения неразъемные
|
| 610 |
1 |
|
|a пружины
|
| 610 |
1 |
|
|a трубопроводы
|
| 610 |
1 |
|
|a смазочные материалы
|
| 610 |
1 |
|
|a гидравлические устройства
|
| 610 |
1 |
|
|a пневматические устройства
|
| 610 |
1 |
|
|a редукторы
|
| 610 |
1 |
|
|a мотор-редукторы
|
| 610 |
1 |
|
|a электродвигатели
|
| 610 |
1 |
|
|a справочники
|
| 675 |
|
|
|a 621.001.66(03)
|v 3
|
| 801 |
|
0 |
|a RU
|b 63413507
|c 20011209
|g PSBO
|
| 801 |
|
2 |
|a RU
|b 63413507
|c 20171215
|g PSBO
|
| 942 |
|
|
|c BK
|